000 00948nam a22002774c 4500
003 AR-BaSMT
008 230327b2014 ag |||frib|| 001 0 spa d
020 _a9789876023177
040 _aBSGB
_bespañol
_cBSGB
_erda
041 0 _aspa
_hespañol
080 _a37
100 1 _aPérez Moreno, Elena
_9510
245 1 _aNueva Ortografía para trabajar en el aula
250 _aPrimera edición
264 _aCórdoba;
_bComunic-Arte,
_c2014.
300 _a88 páginas
336 _2rdacontent
_atexto
_btxt
337 _2rdamedia
_asin mediación
_bn
338 _2rdacarrier
_avolumen
_bnc
490 _aLengua y discurso
505 _aCopitulo 1: Acentuación -- 13 Capítulo 2: Usos de b, v y w -- 29 Capítulo 3: Usos de s, c y z -- 43 Capítulo 4: Usos de j, g y H -- 61 Capítulo 5: Signos de puntuación -- 75
521 _aPúblico general
700 1 _aValera, Irma de
_cAutora
_9511
942 _2ddc
_aBOOK
999 _c685
_d685